000 00296nam a22001337a 4500
008 170607b xxu||||| |||| 00| 0 eng d
020 _a023204704
041 _aeng
080 _a327
100 _a18
101 _aSHH
245 _aDIPLOMACY AMERICAN DEMOCRACY
_cNEWSOM.D.D
942 _2udc
_cBK
999 _c16238
_d16238